| 000 | 00461nam a22001817a 4500 | ||
|---|---|---|---|
| 005 | 20260211163735.0 | ||
| 008 | 260211b |||||||| |||| 00| 0 eng d | ||
| 020 |
_a9788199195974 _c1450.00 |
||
| 040 | _aMAIN | ||
| 041 | _aEnglish | ||
| 082 |
_a660.6 _bPET |
||
| 100 |
_aPetre, Marian _926285 |
||
| 245 | _aPrinciples of Biotechnology | ||
| 260 |
_aNew Delhi _bBlackwell Press _c2026 |
||
| 300 | _a294 | ||
| 650 |
_aBiological Science _914046 |
||
| 942 | _cBK | ||
| 999 |
_c60331 _d60331 |
||